=LDR 00000nam 2200000 4500 =001 INLIS000000000030576 =005 20130612132717 =008 ***********************************Ind** =035 ##$$0010-061300000030576 =041 ##$$a Ind =082 ##$$a 346.043 =090 ##$$a 346.043, Eff, k =100 ##$$a Effendi,Bachtiar =245 ##$$a Kumpulan tulisan tentang hukum tanah, Bachtiar Effendi =260 ##$$a 1981 $b Bandung =300 ##$$a vii,152 hlm., 21 cm =650 ##$$a Hukum Tanah-Kmpulan Tulisan =850 ##$$a NBPNMAT